Kırklareli'nin mahalleleri - Statistics

General Stats
  • This quiz has been taken 5 times
  • The average score is 8 of 109
Answer Stats
% Correct
Atatürk KIRKLARELİ -> BABAESKİ | KIRKLARELİ -> KIRKLARELİ | KIRKLARELİ -> LÜLEBURGAZ
40%
Evren KIRKLARELİ -> VİZE
40%
Kurtuluş KIRKLARELİ -> BABAESKİ | KIRKLARELİ -> LÜLEBURGAZ | KIRKLARELİ -> PEHLİVANKÖY
40%
8 Kasım KIRKLARELİ -> LÜLEBURGAZ
20%
Çarşı KIRKLARELİ -> KIRKLARELİ
20%
Cumhuriyet KIRKLARELİ -> BABAESKİ | KIRKLARELİ -> KIRKLARELİ | KIRKLARELİ -> LÜLEBURGAZ | KIRKLARELİ -> VİZE
20%
Devlet KIRKLARELİ -> VİZE
20%
Hürriyet KIRKLARELİ -> BABAESKİ | KIRKLARELİ -> LÜLEBURGAZ | KIRKLARELİ -> VİZE
20%
İstasyon KIRKLARELİ -> KIRKLARELİ
20%
İstiklal KIRKLARELİ -> LÜLEBURGAZ
20%
Kale KIRKLARELİ -> VİZE
20%
Karakaş KIRKLARELİ -> KIRKLARELİ
20%
Pınar KIRKLARELİ -> KIRKLARELİ
20%
Yeni KIRKLARELİ -> BABAESKİ | KIRKLARELİ -> DEMİRKÖY | KIRKLARELİ -> KIRKLARELİ | +2 others
20%
Yıldız KIRKLARELİ -> LÜLEBURGAZ
20%
Akalar KIRKLARELİ -> KIRKLARELİ | KIRKLARELİ -> PINARHİSAR
0%
Bademlik KIRKLARELİ -> KIRKLARELİ
0%
Barış KIRKLARELİ -> LÜLEBURGAZ
0%
Beylik KIRKLARELİ -> PINARHİSAR
0%
Birlik KIRKLARELİ -> BABAESKİ
0%
Camikebir KIRKLARELİ -> PINARHİSAR
0%
Celaliye KIRKLARELİ -> KIRKLARELİ
0%
Cevat Paşa KIRKLARELİ -> KIRKLARELİ
0%
Demirkapı KIRKLARELİ -> BABAESKİ
0%
Demirtaş KIRKLARELİ -> KIRKLARELİ
0%
Deniz KIRKLARELİ -> DEMİRKÖY
0%
Dere KIRKLARELİ -> LÜLEBURGAZ | KIRKLARELİ -> PINARHİSAR
0%
Dindoğru KIRKLARELİ -> BABAESKİ
0%
Doğu KIRKLARELİ -> KIRKLARELİ
0%
Durak KIRKLARELİ -> LÜLEBURGAZ
0%
Ergene KIRKLARELİ -> PEHLİVANKÖY
0%
Fatih KIRKLARELİ -> LÜLEBURGAZ
0%
Fevzi Çakmak KIRKLARELİ -> BABAESKİ
0%
Gazi KIRKLARELİ -> VİZE
0%
Gazi Kemal KIRKLARELİ -> BABAESKİ
0%
Gazi Osman Paşa KIRKLARELİ -> BABAESKİ
0%
Gençlik KIRKLARELİ -> LÜLEBURGAZ
0%
Gülbahçe KIRKLARELİ -> BABAESKİ
0%
Gündoğdu KIRKLARELİ -> KIRKLARELİ | KIRKLARELİ -> LÜLEBURGAZ
0%
Güneş KIRKLARELİ -> LÜLEBURGAZ
0%
Güven KIRKLARELİ -> VİZE
0%
Hacıhasan KIRKLARELİ -> BABAESKİ
0%
Halilpaşa KIRKLARELİ -> BABAESKİ
0%
Hamdibey KIRKLARELİ -> DEMİRKÖY
0%
Hamidiye KIRKLARELİ -> BABAESKİ
0%
Hatip KIRKLARELİ -> BABAESKİ
0%
İnönü KIRKLARELİ -> LÜLEBURGAZ
0%
Işıklar KIRKLARELİ -> PINARHİSAR
0%
Karacaibrahim KIRKLARELİ -> KIRKLARELİ
0%
Karahıdır KIRKLARELİ -> KIRKLARELİ
0%
Karşıyaka KIRKLARELİ -> LÜLEBURGAZ
0%
Kazımdirik KIRKLARELİ -> PEHLİVANKÖY
0%
Kazımpaşa KIRKLARELİ -> KIRKLARELİ
0%
Kemal Paşa KIRKLARELİ -> BABAESKİ
0%
Kemalpaşa KIRKLARELİ -> KIRKLARELİ
0%
Kırcaali KIRKLARELİ -> LÜLEBURGAZ
0%
Kocahıdır KIRKLARELİ -> KIRKLARELİ
0%
Koca Sinan KIRKLARELİ -> LÜLEBURGAZ
0%
Küçükkarıştıran KIRKLARELİ -> LÜLEBURGAZ
0%
Limanköy KIRKLARELİ -> DEMİRKÖY
0%
Mehmet Akif KIRKLARELİ -> VİZE
0%
Mehmetçavuş KIRKLARELİ -> KIRKLARELİ
0%
Namık Kemal KIRKLARELİ -> VİZE
0%
Orhaniye KIRKLARELİ -> DEMİRKÖY
0%
Orta KIRKLARELİ -> PINARHİSAR
0%
Özerler KIRKLARELİ -> LÜLEBURGAZ
0%
Paşa KIRKLARELİ -> BABAESKİ
0%
Şamdani KIRKLARELİ -> BABAESKİ
0%
Sarımsaklı KIRKLARELİ -> LÜLEBURGAZ
0%
Şeker KIRKLARELİ -> BABAESKİ
0%
Sevgi KIRKLARELİ -> LÜLEBURGAZ
0%
Siteler KIRKLARELİ -> LÜLEBURGAZ
0%
Turist KIRKLARELİ -> KIRKLARELİ
0%
Ulukonak KIRKLARELİ -> KIRKLARELİ
0%
Yayla KIRKLARELİ -> KIRKLARELİ
0%
Yenicami KIRKLARELİ -> PINARHİSAR
0%
Yeni Okullar KIRKLARELİ -> KIRKLARELİ
0%
Yeşillik KIRKLARELİ -> KOFÇAZ
0%
Yıldırım KIRKLARELİ -> LÜLEBURGAZ
0%
Yılmaz KIRKLARELİ -> LÜLEBURGAZ
0%
Zafer KIRKLARELİ -> LÜLEBURGAZ | KIRKLARELİ -> VİZE
0%
No matching quizzes found
Score Distribution
Percent of People with Each Score
Percentile by Number Answered
Your Score History
You have not taken this quiz